00537cam a22001571 450000100100000000500170001000800410002704000250006810000350009324500590012826000450018730000260023249000450025870000340030383000420033700001038520200929162227.0761213r1967 uy 000 0 spa  aDO-SdBNPbspacBNPHU1 aGallinal, Gustavo,d1889-1951.10aLetras uruguayas. /cPrólogo de Carlos Real de Azua. aMontevideo :bBiblioteca Artigas,c1967. axxv, 402 p. ;c20 cm.1 aColeccion de clasicos uruguayos,vv. 1251 aReal de Azua, Carlosepról. 0aColeccion de clasicos uruguayos,v125